Programas ministeriales. Año 1981

Zapisane w:
Opis bibliograficzny
Korporacja: Presidencia de la República (Autor)
Format: Książka
Język:hiszpański
Wydane: Santiago Presidencia de la República 1981
Hasła przedmiotowe:
Etykiety: Dodaj etykietę
Nie ma etykietki, Dołącz pierwszą etykiete!

MARC

LEADER 00000nam a2200000 a 4500
001 UCS0729
003 CL-VaPUC
008 970426e19810000CL |||||||||||||||||spa|d
082 0 4 |a 342.064  |b PRE  |2 21 
110 2 |a Presidencia de la República  |e author  |9 384559 
245 1 0 |a Programas ministeriales. Año 1981 
300 |a 118 p 
942 |c BK 
945 |d 19970426 00:00:00  |a lriquelm 
260 |a Santiago  |b Presidencia de la República  |c 1981 
650 7 |a ORGANIZACION ADMINISTRATIVA  |2 CL-VaPUC  |9 257438 
650 0 |a Administración pública   |9 255343 
651 7 |a CHILE  |2 CL-VaPUC  |9 384560 
583 |a last modification  |c 19970426 00:00:00  |k Rodrigo Vera 
999 |c 258946  |d 258944 
952 |0 0  |1 0  |4 0  |6 342_064000000000000_PRE_1981  |7 0  |8 P  |9 283374  |a BIBDER  |b BIBDER  |d 2019-11-19  |i 1835491  |o 342.064 PRE 1981  |p 1835491  |r 2023-01-25  |w 2019-11-19  |y BK  |k DER